The meaning of gifts : sotires from Turkey (CD) Sotires from Turkey

Wedi'i Gadw mewn:
Manylion Llyfryddiaeth
Prif Awdur: Bassett, Jennifer
Fformat: Llyfr
Iaith:Undetermined
Cyhoeddwyd: Oxford Oxford University Press 2008
Pynciau:
Tagiau: Ychwanegu Tag
Dim Tagiau, Byddwch y cyntaf i dagio'r cofnod hwn!
Thư viện lưu trữ: Trung tâm Học liệu Trường Đại học Cần Thơ
LEADER 00636nam a2200205Ia 4500
001 CTU_190502
008 210402s9999 xx 000 0 und d
082 |a 428.4 
082 |b B471 
100 |a Bassett, Jennifer 
245 4 |a The meaning of gifts : sotires from Turkey (CD) 
245 0 |b Sotires from Turkey 
245 0 |c Jennifer Bassett; Gay Galsworthy 
260 |a Oxford 
260 |b Oxford University Press 
260 |c 2008 
650 |a Short stories.,Reading comprehension,Truyện ngắn 
650 |x Problems, exercises, etc. 
904 |i Tuyến 
980 |a Trung tâm Học liệu Trường Đại học Cần Thơ